الحياة العسكرية لقائد البشرية صلى الله عليه وسلم / (رقم التسجيلة. 91288)

تفاصيل مارك
000 -الفاتح
عناصر البيانات ثابتة الطول 00778cam a2200193 i 4500
005 - تاريخ ووقت آخر معاملة
حقل ضبط 20260105121930.0
008 - عناصر البيانات ثابتة الطول
عناصر البيانات ثابتة الطول 250721q9999 le gr 000 0 ara d
082 14 - رقم تصنيف ديوي العشري
رقم التصنيف 219.2
رقم المادة ن ي ل
100 1# - مدخل رئيسي – اسم شخصي
الاسم الشخصي نيل، حسين عبد الحميد
علاقة الشخص بالعمل/ دوره مؤلف.
245 12 - بيان العنوان
العنوان الحياة العسكرية لقائد البشرية صلى الله عليه وسلم /
بيان المسؤولية تأليف حسين عبد الحميد نيل.
264 31 - بيانات النشر، التوزيع…إلخ
مكان النشر، التوزيع...إلخ بيروت :
اسم الناشر، الموزع...إلخ دار الأرقم بن أبي الأرقم،
تاريخ النشر، التوزيع...إلخ (بين 1995 و 2000).
300 ## - الوصف المادي
عدد الوحدات المكونة للوعاء 317 صفحة.
650 17 - مدخل إضافي بالموضوع - مصطلح موضوعي
مصطلح موضوعي أو اسم جغرافي كعنصر مدخل الغزوات الإسلامية.
650 17 - مدخل إضافي بالموضوع - مصطلح موضوعي
مصطلح موضوعي أو اسم جغرافي كعنصر مدخل السيرة النبوية.
650 17 - مدخل إضافي بالموضوع - مصطلح موضوعي
مصطلح موضوعي أو اسم جغرافي كعنصر مدخل القادة.
650 17 - مدخل إضافي بالموضوع - مصطلح موضوعي
مصطلح موضوعي أو اسم جغرافي كعنصر مدخل محمد صلى الله عليه وسلم.
942 ## - بيانات إضافية (كوها)
نوع التنصيف Dewey Decimal Classification
نوع المادة (كوها) كتب
المقتنيات
حالة السحب حالة الفقدان مصدر التصنيف حالة التلف غير قابل للإعارة المكتبة الرئيسية المكتبة الحالية موقع الرف تاريخ التزويد الرقم المتسلسل Total Checkouts رقم الإستدعاء الباركود تاريخ آخر ظهور تاريخ الفاتورة نوع المادة (كوها) العملة
    Dewey Decimal Classification     المكتبة المركزية المكتبة المركزية الإعارة 28/07/2025 809063   219.2 / ن ي ل 809063 28/07/2025 28/07/2025 كتب  
    Dewey Decimal Classification   Not For Loan المكتبة المركزية المكتبة المركزية مقتنيات قسم التزويد 28/07/2025 809064   219.2/نيل 809064 28/07/2025 28/07/2025 كتب  
    Dewey Decimal Classification   Not For Loan المكتبة المركزية المكتبة المركزية مقتنيات قسم التزويد 28/07/2025 809065   219.2/نيل 809065 28/07/2025 28/07/2025 كتب  
    Dewey Decimal Classification   Not For Loan المكتبة المركزية المكتبة المركزية مقتنيات قسم التزويد 28/07/2025 809066   219.2/نيل 809066 28/07/2025 28/07/2025 كتب  
    Dewey Decimal Classification     المكتبة المركزية المكتبة المركزية الإعارة 07/02/2011 1454616   219.2 / ن ي ل PLD00190436 28/07/2025 07/02/2011 كتب  
    Dewey Decimal Classification     المكتبة المركزية المكتبة المركزية الإعارة 08/01/2026 470447   219.2 / ن ي ل 470447 08/01/2026 08/01/2026 كتب JOD
    Dewey Decimal Classification     مكتبة أبو علندا العامة مكتبة أبو علندا العامة الإعارة 28/07/2025 809071   219.2/نيل 809071 28/07/2025 28/07/2025 كتب  
    Dewey Decimal Classification     مكتبة الأميرة ايمان العامة مكتبة الأميرة ايمان العامة الإعارة 28/07/2025 809067   219.2/نيل 809067 28/07/2025 28/07/2025 كتب  
    Dewey Decimal Classification     مكتبة الحسن العامة مكتبة الحسن العامة الإعارة 28/07/2025 809069   219.2/نيل 809069 28/07/2025 28/07/2025 كتب  
    Dewey Decimal Classification     مكتبة حمزة العامة مكتبة حمزة العامة الإعارة 28/07/2025 809070   219.2/نيل 809070 28/07/2025 28/07/2025 كتب  
    Dewey Decimal Classification     مكتبة صويلح العامة مكتبة صويلح العامة الإعارة 28/07/2025 809068   219.2/نيل 809068 28/07/2025 28/07/2025 كتب  
Implemented & Customized by: BBB with SCIT (Smart Chains for Information Technology)

Powered by Koha